Česko jako lídr industriálního trhu střední Evropy
Nárast prenájmu priemyselných plôch v Českej republike. Vzostup automotive. Celková priemyselná plocha v regiónoch Českej republiky. Štyridsať percent priemyselných nájmov uskutočnených v Prahe. Severozápadné Čechy na vzostupe. Industriálne trhy strednej Európy (podľa veľkosti prenajatých plôch).
Salvato in:
| Autore principale: | |
|---|---|
| Natura: | Capitolo di libro |
| Lingua: | ceco |
| Soggetti: | |
| Tags: |
Nessun Tag, puoi essere il primo ad aggiungerne!!
|
MARC
| LEADER | 00000naa a2200000 4500 | ||
|---|---|---|---|
| 001 | 0207426 | ||
| 005 | 20231211081220.5 | ||
| 041 | 0 | |a cze | |
| 044 | |a CZ | ||
| 245 | 1 | 0 | |a Česko jako lídr industriálního trhu střední Evropy |c Vladan Ráž |
| 520 | |a Nárast prenájmu priemyselných plôch v Českej republike. Vzostup automotive. Celková priemyselná plocha v regiónoch Českej republiky. Štyridsať percent priemyselných nájmov uskutočnených v Prahe. Severozápadné Čechy na vzostupe. Industriálne trhy strednej Európy (podľa veľkosti prenajatých plôch). | ||
| 610 | 2 | 0 | |a logistika |
| 610 | 2 | 0 | |a sklady |
| 610 | 2 | 0 | |a distribúcia |
| 610 | 2 | 0 | |a výroba |
| 610 | 2 | 0 | |a nehnuteľnosti |
| 610 | 2 | 0 | |a priemysel automobilový |
| 610 | 2 | 0 | |a Česko |
| 100 | 1 | |a Ráž, Vladan | |